My people of Kikuyu, (Record no. 121406)
[ view plain ]
| 000 -LEADER | |
|---|---|
| fixed length control field | 00844cam a2200253 4500 |
| 001 - CONTROL NUMBER | |
| control field | 3596402 |
| 003 - CONTROL NUMBER IDENTIFIER | |
| control field | ARRUPE |
| 005 - DATE AND TIME OF LATEST TRANSACTION | |
| control field | 20141219170221.0 |
| 008 - FIXED-LENGTH DATA ELEMENTS--GENERAL INFORMATION | |
| fixed length control field | 680301s1966 ke c 000 0 eng |
| 010 ## - LIBRARY OF CONGRESS CONTROL NUMBER | |
| LC control number | 68079480 |
| 015 ## - NATIONAL BIBLIOGRAPHY NUMBER | |
| National bibliography number | B67-26226 |
| 040 ## - CATALOGING SOURCE | |
| Original cataloging agency | DLC |
| Transcribing agency | DLC |
| Modifying agency | DLC |
| 050 00 - LIBRARY OF CONGRESS CALL NUMBER | |
| Classification number | SPC DT429 |
| Item number | .K4 |
| 300 ## - PHYSICAL DESCRIPTION | |
| Dimensions | 19cm. |
| 100 1# - MAIN ENTRY--PERSONAL NAME | |
| Personal name | Kenyatta, Jomo. |
| 9 (RLIN) | 13104 |
| 245 10 - TITLE STATEMENT | |
| Title | My people of Kikuyu, |
| Remainder of title | and, The life of Chief Wangombe, |
| Statement of responsibility, etc | by H. E. Mzee Jomo Kenyatta. |
| 260 ## - PUBLICATION, DISTRIBUTION, ETC. (IMPRINT) | |
| Place of publication, distribution, etc | Nairobi |
| -- | London, |
| Name of publisher, distributor, etc | Oxford U.P., |
| Date of publication, distribution, etc | 1966. |
| 300 ## - PHYSICAL DESCRIPTION | |
| Extent | 62p. |
| 440 ## - SERIES STATEMENT/ADDED ENTRY--TITLE | |
| Title | Africa's Own Library |
| Number of part/section of a work | No.1 |
| 9 (RLIN) | 13105 |
| 600 00 - SUBJECT ADDED ENTRY--PERSONAL NAME | |
| Personal name | Wangombe, |
| Titles and other words associated with a name | Kikuyu chief, |
| Dates associated with a name | -approximately 1902. |
| 9 (RLIN) | 13106 |
| 650 #0 - SUBJECT ADDED ENTRY--TOPICAL TERM | |
| Topical term or geographic name as entry element | Kikuyu (African people) |
| 9 (RLIN) | 13107 |
| 650 #0 - SUBJECT ADDED ENTRY--TOPICAL TERM | |
| Topical term or geographic name as entry element | Kikuyu (African people) |
| General subdivision | Kings and rulers |
| -- | Biography. |
| 9 (RLIN) | 13108 |
| 906 ## - LOCAL DATA ELEMENT F, LDF (RLIN) | |
| a | 7 |
| b | cbc |
| c | orignew |
| d | u |
| e | ncip |
| f | 19 |
| g | y-gencatlg |
| 942 ## - ADDED ENTRY ELEMENTS (KOHA) | |
| Source of classification or shelving scheme | Library of Congress Classification |
| Koha item type | SPC |
| Withdrawn status | Lost status | Source of classification or shelving scheme | Damaged status | Not for loan | Home library | Current library | Date acquired | Total Checkouts | Full call number | Barcode | Date last seen | Price effective from | Koha item type |
|---|---|---|---|---|---|---|---|---|---|---|---|---|---|
| Library of Congress Classification | ARRUPE LIBRARY | ARRUPE LIBRARY | 05/12/2014 | SPC DT429 .K4 1966 | 46500003599 | 05/12/2014 | 05/12/2014 | SPC |